000 00669nam a2200217 a 4500
001 000023555
005 20200930022315.0
008 101213s1995 sp a 000 0 spa d
020 _a8479271493
040 _aDO-SdBNP
_bspa
_cBNPHU
041 1 7 _aspa
_heng
_2Código de idiomas MARC
082 _ann*
_bnn*
100 1 _aStein, Diane.
_948556
240 1 0 _aEssential Reiki.
_lEspañol
245 1 0 _aReiki esencial /
_cDiane Stein ; traducción José Antonio Bravo.
260 _aBarcelona :
_bRobinbook,
_c1995.
300 _a248 p. :
_bil. ;
_c24 cm.
534 _aTítulo original :
_tEssential Reiki
700 1 _aBravo, José Antonio,
_etr.
_912883
049 _aBNGR
999 _c23051
_d23051